Use of soil health cards in NUE, food security and climate change mitigation (Record no. 71955)

MARC details
000 -LEADER
fixed length control field 02239nam a2200181Ia 4500
100 ## - MAIN ENTRY--AUTHOR NAME
Personal name Srinivasarao Ch
245 #0 - TITLE STATEMENT
Title Use of soil health cards in NUE, food security and climate change mitigation
260 ## - PUBLICATION, DISTRIBUTION, ETC. (IMPRINT)
Name of publisher Indian Journal of Fertilisers
Year of publication 2013
300 ## - PHYSICAL DESCRIPTION
Number of Pages 48-58
520 ## - SUMMARY, ETC.
Summary, etc Degrading soil health, falling nutrient use efficiency (NUE) and yield plateaus in major food bowl regions of India threatens the food security for the growing population in India in the backdrop of shrinking per capita land availability from 0.48 ha in 1951 to 0.14 ha in 2001. Maintaining soil health is a vital requirements to ensure sustainable food production and to meet future food demands in the country. Soil health cards play a critical role in assessing soil health conditions and providing soil and crop management recommendations to farmers in order to sustain the crop productivity. Based on the free in depth analysis, soil health cards list vital components of a particular patch of land. They provide detailed information on various minerals present in the soil, suitable crops, fertilisers to be used, and also whether the soil is acidic or alkaline. The cards, which are based on the principles of the ration card, provide permanent identification and status of the land to farmers, if linked with Global Positioning System (GPS). Healthy soils provide a range of ecological services including water infiltration, habitat provision besides sustaining crop production and quality of food produce. Soil health cards guide farmers to use right type of fertiliser nutrients, right quantity to right crop by knowing the key production constraints of soil in his field. Thus, in a way soil health card based crop management can improve soil carbon status and reduces Green House Gas (GHG) emissions. This review highlights how prudent utilization of soil health cards in thecountry can sustain agricultural production with rational fertiliser application and contribute to climate change adaptation and mitigation.
650 ## - SUBJECT ADDED ENTRY--TOPICAL TERM
Topical Term Climate change mitigation
650 ## - SUBJECT ADDED ENTRY--TOPICAL TERM
Topical Term Food Security
650 ## - SUBJECT ADDED ENTRY--TOPICAL TERM
Topical Term Soil Health Cards
700 ## - ADDED ENTRY--PERSONAL NAME
Personal name Jakkula SVijay
700 ## - ADDED ENTRY--PERSONAL NAME
Personal name Venkateswarlu B
942 ## - ADDED ENTRY ELEMENTS (KOHA)
Koha item type Journals
Holdings
Withdrawn status Lost status Damaged status Not for loan Home library Current library Shelving location Date acquired Serial Enumeration / chronology Koha item type
      Journals RRII Library RRII Library Climate change 01/01/2021 Volume 9, Issue 5 Journals